| 000 | 01059nam0a22002891 4500 | ||
|---|---|---|---|
| 001 | RU\NLR\INFOCOMM_195\5000032162 | ||
| 005 | 20250613091643.0 | ||
| 035 | _a(NLR Aleph) 009120618 | ||
| 090 |
_a8217180 _c8217180 |
||
| 100 | _a20090317d1972 |||y0rusy50 ca | ||
| 101 | 1 |
_afre _crus |
|
| 102 | _aRU | ||
| 105 | _aa ||||000|y | ||
| 200 | 1 |
_aL'agronomie tropicale _eManuel destiné aux écoles supérieures de la République de Guinée, de la République du Mali et d'autres pays d'Afrique occidentale _e[Trad. du russe ...] _fI. Bespaly et V. Bobylev |
|
| 210 |
_aΜ. _cMir _d[1972] |
||
| 215 |
_a347 с. _cил. _d21 см |
||
| 300 | _aВ вып. дан.: И. Д. Беспалый, В. С. Бобылев. Тропическая агрономия | ||
| 686 |
_aС13 _2rubbk |
||
| 700 | 1 |
_9z02790 _aBespalyj _bI. D. _4070 |
|
| 701 | 1 |
_9z03790 _aBobylev _bV. S. _4070 |
|
| 790 | 1 |
_9z02700 _aBespaly _bI. _4070 |
|
| 790 | 1 |
_9z03701 _aBobylev _bV. _4070 |
|
| 801 | 1 |
_aRU _bNLR _c20090317 |
|
| 801 | 0 |
_aRU _bNLR _gPSBO |
|
| 852 |
_aNLR _jС41 Д-3/9 |
||
| 942 | _cBOOK | ||
| 980 | _aNB | ||